Culture Générale - Série 2666 - Statistiques

Statistiques générales
  • Ce quiz a été pris 75 fois
  • Le résultat moyen est 4 sur 10
Statistiques - réponses
Question Réponse % Correct
En quelle année est mort le Général De Gaulle ? 1970
80%
En quelle année l'état d'Israël fut-il créé ? 1948
79%
Quel était le prénom du révolutionnaire cubain Che Guevara ? voir photo Ernesto
55%
Dans la mythologie grecque, comment s'appelait le breuvage qui rendait immortel ? nectar
54%
Dans l'Ancienne Egypte quel était le dieu des morts qui redonne la vie ? Osiris
48%
Massif montagneux volcanique de faible altitude qui s'étend sur 32 000 hectares. Situé sur le bord de la mer Méditerranée, il couvre le sud-est du Var et déborde sur les Alpes-Maritimes. Esterel
25%
Couloir étroit à l'intérieur d'un navire coursive
23%
Quelle ville du Val d'Oise porte le nom de canards de petites tailles ? Sarcelles
13%
De quel département l'Elorn (56,4 km) est-il un fleuve ? Finistère
10%
Chez les Gaulois et les Celtes, quel était le dieu du ciel, de la foudre et du tonnerre ? Taranis
3%
Aucun quiz correspondant
Distribution des résultats
% des personnes avec chaque résultat
Percentile par nombre de réponses
Votre historique - résultats
Vous n’avez pas pris ce quiz